[Event "Padova op-A 11th"]
[Site "Padova"]
[Date "2008.12.21"]
[Round "9.14"]
[White "Mazzella, Riccardo"]
[Black "Topollaj, Mark"]
[Result "1/2-1/2"]
[WhiteElo "1350"]
[BlackElo "1461"]
[PlyCount "66"]
[EventDate "2008.12.13"]
[EventType "swiss"]
[EventRounds "9"]
[EventCountry "ITA"]
[SourceTitle "EXT 2024"]
[Source "ChessBase"]
[SourceDate "2023.10.10"]
[SourceVersion "1"]
[SourceVersionDate "2023.10.10"]
[SourceQuality "1"]

1. d4 e6 2. c4 c6 3. Nf3 d6 4. Nc3 Ne7 5. e3 Ng6 6. Be2 d5 7. 0-0 Bd6 8. cxd5 exd5 9. e4 dxe4 10. Nxe4 0-0 11. Nxd6 Qxd6 12. Bd3 Bg4 13. Bxg6 fxg6 14. Qb3+ Be6 15. Qe3 Nd7 16. b4 Bd5 17. Ne5 Rae8 18. f4 Nf6 19. h3 Qxb4 20. Ba3 Qa4 21. Bxf8 Rxf8 22. Ng4 Ne4 23. Nf2 Nd6 24. Nd1 Nf5 25. Qc3 Qxd4+ 26. Qxd4 Nxd4 27. Kh2 b6 28. Ne3 Be4 29. a4 c5 30. Nc4 Bd3 31. Nd2 Bxf1 32. Rxf1 Ne2 33. g3 Nc3 1/2-1/2

[Event "Padova op 11th"]
[Site "Padova"]
[Date "2008.12.15"]
[Round "3"]
[White "Topollaj, Mark"]
[Black "Palumbo, Giuseppe"]
[Result "0-1"]
[WhiteElo "1461"]
[BlackElo "1978"]
[PlyCount "54"]
[EventDate "2008.12.13"]
[EventType "swiss"]
[EventRounds "9"]
[EventCountry "ITA"]
[SourceTitle "CBM 127 Extra"]
[Source "ChessBase"]
[SourceDate "2009.01.08"]
[SourceVersion "2"]
[SourceVersionDate "2009.01.28"]
[SourceQuality "1"]

1. e4 c5 2. c3 d5 3. exd5 Qxd5 4. f3 Nc6 5. Bb5 a6 6. Ba4 b5 7. Bc2 Bb7 8. Ne2 e5 9. Ng3 Nf6 10. Rf1 g6 11. Qe2 Bh6 12. Ne4 Nxe4 13. Bxe4 Qe6 14. Na3 0-0 15. Nc2 f5 16. Bxc6 Bxc6 17. Ne3 Rfd8 18. Kf2 e4 19. fxe4 Qxe4 20. Kg1 f4 21. Qf2 fxe3 22. dxe3 Rf8 23. Qe2 Rxf1+ 24. Kxf1 Re8 25. h3 Bxe3 26. Bxe3 Qxe3 27. Qxe3 Rxe3 0-1

[Event "Padova op-A 10th"]
[Site "Padova"]
[Date "2007.12.20"]
[Round "6.18"]
[White "Topollaj, Mark"]
[Black "Chiesa, Roberto"]
[Result "1/2-1/2"]
[WhiteElo "1413"]
[BlackElo "1709"]
[PlyCount "130"]
[EventDate "2007.12.15"]
[EventType "swiss"]
[EventRounds "9"]
[EventCountry "ITA"]
[SourceTitle "EXT 2024"]
[Source "ChessBase"]
[SourceDate "2023.10.10"]
[SourceVersion "1"]
[SourceVersionDate "2023.10.10"]
[SourceQuality "1"]

1. e4 e6 2. d4 d5 3. f3 dxe4 4. fxe4 Qh4+ 5. Kd2 Qxe4 6. Ne2 Nf6 7. Nbc3 Bb4 8. Ke1 Nc6 9. Qd3 Qxd3 10. cxd3 Bd7 11. h3 0-0-0 12. Bd2 Rhe8 13. Kd1 h6 14. Kc2 Ba5 15. Ne4 Nd5 16. Bxa5 Nxa5 17. Rc1 Nc6 18. Kd2 Nde7 19. g4 f5 20. Nc5 b6 21. Nb3 Nd5 22. Bg2 Nce7 23. Rhf1 fxg4 24. hxg4 Rf8 25. Be4 Rf6 26. Ng3 Rdf8 27. Rxf6 Rxf6 28. Ke2 Nf4+ 29. Ke1 Bb5 30. Kd2 Ned5 31. a3 Kb8 32. Rf1 a5 33. Nc1 Kc8 34. Nce2 Ba6 35. Nc3 Kd7 36. Bxd5 Nxd5 37. Nxd5 exd5 38. Rxf6 gxf6 39. Nf5 Ke6 40. Nxh6 Ke7 41. Ke3 a4 42. Kd2 c5 43. dxc5 bxc5 44. d4 cxd4 45. Nf5+ Ke6 46. Nxd4+ Ke5 47. Ke3 Bc8 48. Nf3+ Kd6 49. g5 fxg5 50. Nxg5 Kc5 51. Kd3 Bf5+ 52. Kc3 d4+ 53. Kd2 Kc4 54. Nf3 Be4 55. Ne5+ Kb3 56. Kc1 Bd5 57. Nd3 Kc4 58. Ne5+ Kb3 59. Nd3 Bc6 60. Nc5+ Kc4 61. Ne6 Kd3 62. Nc5+ Ke2 63. b3 axb3 64. Nxb3 d3 65. Kb1 Be4 1/2-1/2